Culture Générale - Série 1604 - Statistiques

Statistiques générales
  • Ce quiz a été pris 252 fois
  • Le résultat moyen est 7 sur 10
Statistiques - réponses
Question Réponse % Correct
Quel romancier français a écrit "Le Tour du monde en 80 jours" en 1873 ? Jules Verne
94%
D'après les paroles d'une célèbre chanson de Jacques Brel, dans quel port y a-t-il "des marins qui chantent" ? Amsterdam
93%
En France, combien de signatures d'élus faut-il obtenir pour devenir candidat aux élections présidentielles ? 500
86%
Sous quel nom de plume connaît-on mieux Sidonie Gabrielle Colette ? Colette
84%
Dans une chanson de Julien Clerc, de quelle île des Baléares est la métisse Mélissa ? Ibiza
83%
En 1642, qui conçut et diffusa la première machine à calculer (initiales : BP) ? Blaise Pascal
60%
Quel est le nom de la célèbre promenade de Cannes, située en front de mer sur le golfe de La Napoule ? La Croisette
56%
En 2010, quel footballeur français a été condamné à 18 matchs de suspension en équipe de France ? Nicolas Anelka
42%
Quel roi de Babylone a donné son nom à un opéra de Verdi ? Nabuchodonosor
32%
Quel apôtre de Jésus est surnommé "le Zélote" ou "le Cananéen" ? Simon
24%
Aucun quiz correspondant
Distribution des résultats
% des personnes avec chaque résultat
Percentile par nombre de réponses
Votre historique - résultats
Vous n’avez pas pris ce quiz